| 000 | 01268nam a22003497a 4500 | ||
|---|---|---|---|
| 003 | CHAP | ||
| 005 | 20220329143449.0 | ||
| 008 | 091109s2009 mx r 00010 spa d | ||
| 010 | _a97032 | ||
| 011 | _a98004 | ||
| 035 | _a108679 | ||
| 040 | _cCHAP | ||
| 090 | _aTesis | ||
| 100 | 1 |
_aOlva Maldonado, Herlay _983219 |
|
| 245 | 1 | 0 |
_aAnálisis de la función de producción Cobb-Douglas y su aplicación en el sector productivo Méxicano _c/por Herlay Olva Maldonado |
| 260 |
_aChapingo, Méx. : _bEl autor, _c2009 |
||
| 300 |
_avi,63 h. : _bcuadros. gráfs. |
||
| 502 | _aTesis (Lic. en Estadística) -- UACH. División de Ciencias Foretales | ||
| 590 |
_aALEPH _b10 _c20130110 _lUCH01 _h1530 |
||
| 590 |
_aBATCH-UPD _b10 _c20130110 _lUCH01 _h1622 |
||
| 590 |
_aBATCH-UPD _b10 _c20130410 _lUCH01 _h1016 |
||
| 590 |
_aBATCH-UPD _b10 _c20130914 _lUCH01 _h1325 |
||
| 590 |
_aCONVERSION _b10 _c20130109 _lUCH01 _h1354 |
||
| 650 | 1 | 4 |
_aEstadística. _938241 |
| 650 | 1 | 4 |
_aMano de obra. _970527 |
| 650 | 1 | 4 |
_aModelos econométricos. _976416 |
| 650 | 1 | 4 |
_aProductividad. _991868 |
| 901 | _aBK | ||
| 942 | _cFOLL | ||
| 949 |
_aTesis _bBC _cTES _d33724002099512 _eTS1 _gDonaciØn _h49696 _i108679 _sb |
||
| 949 |
_aTesis _bBC _cTES _d33724002099553 _eTS2 _fc.2 _gDonaciØn _h49697 _i108679 _sb |
||
| 999 |
_c97032 _d97032 |
||